000 00319nam a22001457a 4500
008 231025b ||||| |||| 00| 0 eng d
020 _a9780521339070
041 _aeng
080 _a521
082 _a521WAL
100 _a19
101 _aASTRO
245 _aASTRONOMICAL OBSERVATIONS
_cWALKER.G
942 _2udc
_cBK
999 _c60458
_d60458